00759cam a22002291 4500001001300000003000400013005001700017008004100034010001700075025001900092035002000111040003000131042001200161050002300173110004600196245009900242260003300341300002300374410005700397651005800454999001700512sa 67003056 DLC20260227112335.0880912s1965 ii 000 0 eng  asa 67003056  aPL480:I-E-6798 a(OCoLC)18472946 aDLCcWaUdWaUdOCoLCdDLC apremarc00aHJ66.M5bA15 no. 91 aMaharashtra (India).bFinance Department.10aMaharashtra contingent expenditure rules, 1965.bIncludes orders issued up to 31st March 1965. aNagpur,bGovt. Press,c1965. aiv, 188 p.c24 cm.10aMaharashtra (India).tFinancial publications,vno. 9 0aMaharashtra (India)xAppropriations and expenditures. c73604d73604